Being Jewish in 21st-Century Germany (Record no. 91949)

MARC details
000 -LEADER
fixed length control field 01730nam a2200205Ii 4500
008 - FIXED-LENGTH DATA ELEMENTS--GENERAL INFORMATION
fixed length control field 221202s xx 000 0 und d
245 #0 - TITLE STATEMENT
Title Being Jewish in 21st-Century Germany
264 ## - PRODUCTION, PUBLICATION, DISTRIBUTION, MANUFACTURE, AND COPYRIGHT NOTICE
Name of producer, publisher, distributor, manufacturer De Gruyter Oldenbourg
Date of production, publication, distribution, manufacture, or copyright notice 2015
300 ## - PHYSICAL DESCRIPTION
Extent 1 online resource
336 ## - CONTENT TYPE
Content type term text
Content type code txt
Source rdacontent
337 ## - MEDIA TYPE
Media type term computer
Media type code c
Source rdamedia
338 ## - CARRIER TYPE
Carrier type term online resource
Carrier type code cr
Source rdacarrier
490 ## - SERIES STATEMENT
Series statement Europäisch-jüdische Studien : Beiträge
520 ## - SUMMARY, ETC.
Summary, etc. An unexpected immigration wave of Jews from the former Soviet Union mostly in the 1990s has stabilized and enlarged Jewish life in Germany. Jewish kindergartens and schools were opened, and Jewish museums, theaters, and festivals are attracting a wide audience. No doubt: Jews will continue to live in Germany. At the same time, Jewish life has undergone an impressing transformation in the second half of the 20th century&#8211 from rejection to acceptance, but not without disillusionments and heated debates. And while the ´new Jews of Germany,` 90 percent of them of Eastern European background, are already considered an important factor of the contemporary Jewish diaspora, they still grapple with the shadow of the Holocaust, with internal cultural clashes and with difficulties in shaping a new collective identity. What does it mean to live a Jewish life in present-day Germany? How are Jewish thoughts, feelings, and practices reflected in contemporary arts, literature, and movies? What wi
653 ## - INDEX TERM--UNCONTROLLED
Uncontrolled term Jewish Studies
700 1# - ADDED ENTRY--PERSONAL NAME
Personal name Fireberg, Haim
700 1# - ADDED ENTRY--PERSONAL NAME
Personal name Glöckner, Olaf
856 ## - ELECTRONIC LOCATION AND ACCESS
Uniform Resource Identifier <a href="https://docs.google.com/spreadsheets/d/1yKIrdCPDAG_9c22mwoOIO2DOhtj65Wqa/edit?usp=sharing&ouid=106555315294820607512&rtpof=true&sd=true ">https://docs.google.com/spreadsheets/d/1yKIrdCPDAG_9c22mwoOIO2DOhtj65Wqa/edit?usp=sharing&ouid=106555315294820607512&rtpof=true&sd=true </a>
Link text List of Curated E-Books
942 ## - ADDED ENTRY ELEMENTS (KOHA)
Koha item type E-Book

No items available.

University of Rizal System
Email us at univlibservices@urs.edu.ph

Visit our Website www.urs.edu.ph/library